000 00284nam a22001337a 4500
008 170725b xxu||||| |||| 00| 0 eng d
020 _a9780071668958
041 _aeng
080 _a004
100 _a30
101 _aSHK
245 _aVISUAL STUDIO 2010
_cMAYO,J
942 _2udc
_cBK
999 _c21896
_d21896